书目信息 |
| 题名: |
药物分子设计
|
|
| 作者: | 郭宗儒 著 | |
| 分册: | ||
| 出版信息: | 北京 科学出版社 2005 |
|
| 页数: | 13,538页 | |
| 开本: | 24cm | |
| 丛书名: | 21世纪科学版化学专著系列 | |
| 单 册: | ||
| 中图分类: | R962 | |
| 科图分类: | ||
| 主题词: | 药物 , 化学结构 , 药物--化学结构--设计 | |
| 电子资源: | ||
| ISBN: | 7-03-015072-4 | |
| 000 | 01113nam0 2200301 450 | |
| 000 | 01120nam0 2200301 450 | |
| 000 | 01053nam0 2200277 450 | |
| 000 | 01016nam0 2200265 45 | |
| 005 | 20070525133730.67 | |
| 010 | @a7-03-015072-4@b精装@dCNY78.00 | |
| 100 | @a20070418d2005 em y0chiy0120 ea | |
| 101 | 0 | @achi |
| 102 | @aCN@b110000 | |
| 105 | @aa z 000yy | |
| 200 | 1 | @a药物分子设计@AYao Wu Fen Zi She Ji@f郭宗儒著@FGuo Zong Ru Zhu |
| 210 | @a北京@c科学出版社@d2005 | |
| 215 | @a13,538页@c图@d24cm | |
| 225 | 2 | @a21世纪科学版化学专著系列 |
| 300 | @a中国科学院出版基金资助出版 | |
| 330 | @a本书以分子的多样性、互补性、相似性为纲要,归属了现今应用的分子设计方法,从总体上把握各种方法的特征、应用范围和内在联系,以整合的理念将传统的设计方法与现今的新技术方法相结合,用大量的实例说明药物设计是在药学、药代、药效和安全性的多维空间中的分子操作。 | |
| 510 | 1 | @aMolecular Drug Design@zeng |
| 606 | 0 | @a药物 |
| 606 | 0 | @a化学结构 |
| 606 | 0 | @a药物@x化学结构@x设计 |
| 690 | @aR962@v4 | |
| 701 | 0 | @a郭宗儒@AGuo Zong Ru@f(1938.1~)@4著 |
| 801 | 0 | @aCN@bTAOJIN@c20070525 |
| 905 | @a10447@dR962@e52 | |
| 药物分子设计/郭宗儒著.-北京:科学出版社,2005 |
| 13,538页:图;24cm.-(21世纪科学版化学专著系列) |
| 中国科学院出版基金资助出版 |
| ISBN 7-03-015072-4(精装):CNY78.00 |
| 本书以分子的多样性、互补性、相似性为纲要,归属了现今应用的分子设计方法,从总体上把握各种方法的特征、应用范围和内在联系,以整合的理念将传统的设计方法与现今的新技术方法相结合,用大量的实例说明药物设计是在药学、药代、药效和安全性的多维空间中的分子操作。 |
| ● |
| 相关链接 |
|
|
|
|
正题名:药物分子设计
索取号:R962/52
 
预约/预借
| 序号 | 登录号 | 条形码 | 馆藏地/架位号 | 状态 | 备注 |
| 1 | 0522648 | 205226487 | 第二样本阅览室/ [索取号:R962/52] | 在馆 | |
| 2 | 0522649 | 205226496 | 第三借阅区/ [索取号:R962/52] | 在馆 |